The managerial roles of the resort owners in Eastern, Rizal : (Record no. 16803)
[ view plain ]
| 000 -LEADER | |
|---|---|
| fixed length control field | 01174nam a22002537i 4500 |
| 050 #4 - LIBRARY OF CONGRESS CALL NUMBER | |
| Classification number | TX 911.3.M27 |
| Item number | C1765 2001 |
| 003 - CONTROL NUMBER IDENTIFIER | |
| control field | URS |
| 005 - DATE AND TIME OF LATEST TRANSACTION | |
| control field | 20220117151112.0 |
| 008 - FIXED-LENGTH DATA ELEMENTS--GENERAL INFORMATION | |
| fixed length control field | 180201b xxu||||| |||| 00| 0 eng d |
| 100 1# - MAIN ENTRY--PERSONAL NAME | |
| Personal name | Caras, Michael Pasion, |
| Relator term | author |
| 260 #1 - PUBLICATION, DISTRIBUTION, ETC. | |
| Date of publication, distribution, etc. | 2001. |
| 245 10 - TITLE STATEMENT | |
| Title | The managerial roles of the resort owners in Eastern, Rizal : |
| Remainder of title | calendar year 2000 / |
| Statement of responsibility, etc. | Michael Pasion Caras. |
| 300 ## - PHYSICAL DESCRIPTION | |
| Extent | xvii, 83 leaves : |
| Other physical details | illustrations ; |
| Dimensions | 28 cm |
| 336 ## - CONTENT TYPE | |
| Source | rdacontent |
| Content type term | text |
| 337 ## - MEDIA TYPE | |
| Source | rdamedia |
| Media type term | unmediated |
| 338 ## - CARRIER TYPE | |
| Source | rdacarrier |
| Carrier type term | volume |
| 502 ## - DISSERTATION NOTE | |
| Dissertation note | Thesis |
| Degree type | Bachelor of Science in Business Administration |
| Name of granting institution | University of Rizal System |
| Year degree granted | 2001 |
| 504 ## - BIBLIOGRAPHY, ETC. NOTE | |
| Bibliography, etc. note | Includes bibliographical references. |
| 520 ## - SUMMARY, ETC. | |
| Summary, etc. | This study aimed to determined the managerial roles of the resort owners in eastern Rizal. In order to answer and analyze these problems the descriptive research method was used. The researcher provided a questionnaire to the respondents designed determines the effectiveness of the managerial roles in Eastern Rizal. |
| 650 #0 - SUBJECT ADDED ENTRY--TOPICAL TERM | |
| Topical term or geographic name entry element | Resorts |
| 650 #0 - SUBJECT ADDED ENTRY--TOPICAL TERM | |
| Topical term or geographic name entry element | Businesspeople |
| 700 1# - ADDED ENTRY--PERSONAL NAME | |
| Personal name | Junio, Fe F. |
| Relator term | degree supervisor |
| 942 ## - ADDED ENTRY ELEMENTS (KOHA) | |
| Source of classification or shelving scheme | Library of Congress Classification |
| Koha item type | Theses and dissertations |
| Withdrawn status | Source of classification or shelving scheme | Damaged status | Not for loan | Collection code | Home library | Current library | Shelving location | Date acquired | Total Checkouts | Full call number | Barcode | Date last seen | Price effective from | Koha item type |
|---|---|---|---|---|---|---|---|---|---|---|---|---|---|---|
| Library of Congress Classification | Non-fiction | Tanay College Library | Tanay College Library | General Stacks | 02/01/2018 | TX 911.3.M27 C1765 2001 | URSTAN-UGT222 | 07/06/2023 | 02/01/2018 | Theses and dissertations |